000 00697nam a22002417a 4500
003 UA-OsUOA
001 51907
007 ta
008 20150311b un ||||| |||| 00| 0 ukr d
100 _aСлобожанин І.
090 _a82-92
_bС48
942 _cBK
040 _aUA-OsUOA
_bukr
_cUA-OsUOA
_dUA-OsUOA
245 _aУ політичному тумані
300 _a81 с.
955 _a4
041 _aukr
080 _a82-92
260 _aPerth Amboy
_c1957
650 7 _a82 Література. Літературознавство
_2UDC
999 _c432026
_d432026